La caida de un presidente (Record no. 87315)
[ view plain ]
| 000 -LEADER | |
|---|---|
| campo de control de longitud fija | 00575nam a2200181 i 4500 |
| 001 - NÚMERO DE CONTROL | |
| campo de control | 87315 |
| 003 - IDENTIFICADOR DE NÚMERO DE CONTROL | |
| campo de control | ES-MaACL |
| 007 - CAMPO FIJO DE DESCRIPCIÓN FÍSICA--INFORMACIÓN GENERAL | |
| campo de control de longitud fija | t| |
| 008 - DATOS DE LONGITUD FIJA--INFORMACIÓN GENERAL | |
| campo de control de longitud fija | 041221s1974 sp ||||1| spa d |
| 100 1# - ENTRADA PRINCIPAL--NOMBRE DE PERSONA | |
| Nombre de persona | Kranz, Ludwig. |
| 9 (RLIN) | 68737 |
| 245 13 - MENCIÓN DEL TÍTULO | |
| Título | La caida de un presidente |
| Resto del título | : watergate / |
| Mención de responsabilidad, etc. | Ludwig Kranz y Alan Giraud ; [traducción de P. Guirao y E. Sánchez]. |
| 260 ## - PUBLICACIÓN, DISTRIBUCIÓN, ETC. | |
| Lugar de publicación, distribución, etc. | Barcelona : |
| Nombre del editor, distribuidor, etc. | Petronio, |
| Fecha de publicación, distribución, etc. | [1974] |
| 300 ## - DESCRIPCIÓN FÍSICA | |
| Extensión | 431 p., 14 lám. ; |
| Dimensiones | 21 cm. |
| 700 1# - ENTRADA AGREGADA--NOMBRE PERSONAL | |
| Nombre de persona | Giraud, Alan. |
| 9 (RLIN) | 57239 |
| 700 1# - ENTRADA AGREGADA--NOMBRE PERSONAL | |
| Nombre de persona | Guirao, P. |
| 9 (RLIN) | 60884 |
| 700 1# - ENTRADA AGREGADA--NOMBRE PERSONAL | |
| Nombre de persona | Sánchez, E. |
| 9 (RLIN) | 102353 |
| 852 ## - LOCALIZACIÓN | |
| Ubicación | ES-MaACL |
| Número de control de estantería | E-5803 |
| Sublocalización o colección | R.90284 |
| Estatus retirado | Estado de pérdida | Estado de daño | No para préstamo | Biblioteca de origen | Biblioteca actual | Ubicación en estantería | Fecha de adquisición | Fuente de adquisición | Total de préstamos | Signatura topográfica completa | Código de barras | Visto por última vez | Precio de reemplazo | Tipo de ítem Koha |
|---|---|---|---|---|---|---|---|---|---|---|---|---|---|---|
| Biblioteca del Ateneo de Madrid | Biblioteca del Ateneo de Madrid | Depósito 2 | 17/01/2008 | E-5803 | 1091222 | 23/02/2023 | 23/02/2023 | Libro impreso |
